home page   АИС "Историко-культурное наследие Беларуси"
  Базовый | Расширенный | Профессиональный | Словарь персоналий | Тематический словарь | По видам объектов История запросов  Заказы    Регистрация

Запись в MARC-формате

копировать MARC-запись

=LDR  00000nx\\c2200229\\\45\\
=001  BY-NLB-ar4361660
=005  20160330095634.0
=100  \\$a20110810abely50\\\\\\ca0
=152  \\$apsbo
=160  \\$ae-bw
=215  \\$aКасцёл Святога Іаана Хрысціцеля (Мсцібава, аграгарадок; Ваўкавыскі раён)
=300  1\$aПомнік архітэктуры неаготыкі і неараманскага стылю. Пабудаваны ў 1910–1919 гг. з чырвонай цэглы. Абнесены бутавай агароджай з брамай.
=356  \\$aНаходзіцца ў цэнтры в. Мсцібава Ваўкавыскага раёна Гродзенскай вобласці.
=415  \\$aКасцёл Святога Яна Хрысціцеля (Мсцібава, аграгарадок; Ваўкавыскі раён)
=415  \\$aМсціслаўскі касцёл Святога Іаана Хрысціцеля
=415  \\$aМсціслаўскі касцёл Святога Яна Хрысціцеля
=515  \\$5w$3BY-NLB-ar4361601$aКостел Святого Иоанна Крестителя (Мстибово, агрогородок; Волковысский район)
=801  \0$aBY$bBY-HM0000$c20110810
=810  \\$aБеларуская энцыклапедыя. У 18 т. Т. 10. — Мінск, 2000.
=810  \\$aПраваслаўныя храмы на Беларусі : энцыклапедычны даведнік / А. М. Кулагін. — Мінск, 2001.
=810  \\$aПраваслаўныя храмы Беларусі : энцыклапедычны даведнік / А. М. Кулагін. — Мінск, 2007.
=999  \\$f1848$t20110810

Чтобы вернуться назад, щелкните кнопку BACK на Вашем браузере